Harry Styles Together Together Setlist - Statistics

General Stats
  • This quiz has been taken 32 times
  • The average score is 16 of 21
Answer Stats
Answer % Correct
Watermelon Sugar
100%
As It Was
95%
Golden
90%
Pop
90%
Sign of the Times
90%
Aperture
85%
Are You Listening Yet?
85%
American Girls
80%
Carla's Song
80%
Dance No More
80%
Fine Line
80%
Matilda
80%
Adore You
75%
Season 2 Weight Loss
75%
Coming Up Roses
65%
Music for a Sushi Restaurant
65%
Ready, Steady, Go!
65%
Keep Driving
60%
Satellite
60%
Taste Back
55%
Treat People With Kindness
50%
No matching quizzes found
Score Distribution
Percent of People with Each Score
Percentile by Number Answered
Your Score History
You have not taken this quiz